LEADER 04130nam 2200661Ia 450 001 9910142501603321 005 20190501223801.0 010 $a1-280-36636-2 010 $a9786610366361 010 $a0-470-23280-3 010 $a0-471-45915-1 010 $a0-471-22393-X 035 $a(CKB)111056485582974 035 $a(EBL)468951 035 $a(OCoLC)52399424 035 $a(SSID)ssj0000119223 035 $a(PQKBManifestationID)11146368 035 $a(PQKBTitleCode)TC0000119223 035 $a(PQKBWorkID)10079817 035 $a(PQKB)10366775 035 $a(MiAaPQ)EBC468951 035 $a(EXLCZ)99111056485582974 100 $a20010531d2002 uy 0 101 0 $aeng 181 $ctxt 182 $cc 183 $acr 200 00$aCellular aspects of HIV infection$b[electronic resource] /$fedited by Andrea Cossarizza, David Kaplan 210 $aNew York $cWiley-Liss$dc2002 215 $a1 online resource (474 p.) 225 1 $aCytometric cellular analysis 300 $aDescription based upon print version of record. 311 0 $a0-471-38666-9 320 $aIncludes bibliographical references and index. 327 $aCELLULAR ASPECTS OF HIV INFECTION; CONTENTS; Preface; Contributors; Part I MOLECULES; 1 HIV and Molecular Biology of the Virus-Host Interplay; 2 Telomere Length, CD28(-) T Cells, and HIV Disease Pathogenesis; 3 Immune Dysregulation and T-Cell Activation Antigens in HIV Infection; 4 Quantification of HIV/SIV Coreceptor Expression; Part II CELLS; 5 B Cells in the Line of Sight of HIV-1; 6 Cytotoxic T-Cell (CTL) Function in HIV Infection; 7 Analysis of the a/b T-Cell Receptor Repertoire in HIV Infection; 8 Gamma-Delta (gd) T Cells and HIV-1 Infection 327 $a9 Natural Killer Cells in HIV Infection and Role in the Pathogenesis of AIDS 10 Alveolar Macrophages; 11 Dendritic Cells Ferry HIV-1 from Periphery into Lymphoid Tissues; Part III PROCESSES; 12 Homeostasis and Restoration of the Immune System in HAART-Treated HIV-Infected Patients: Implications of Apoptosis; 13 Mitochondria Functionality During HIV Infection; 14 Multiple Roles of Cytokines in HIV Infection, Replication, and Therapy; Part IV TECHNOLOGIES; 15 The Use of Peptide/MHC Tetramers to Visualize, Track, and Characterize Class I-Restricted Anti-HIV T-Cell Response 327 $a16 Tagging of HIV with Green Fluorescent Protein 17 Flow Cytometric Analysis of Cells from Persons with HIV-1 Disease by Enzymatic Amplification Staining; 18 Antigen-Specific Cytokine Responses in HIV Disease; Part V ORGANISMS; 19 Chimeric Models of SCID Mice Transplanted with Human Cells: The Hu-PBL-SCID Mouse and Its Use in AIDS Research; 20 Immune Reconstitution of the CD4 T-Cell Compartment in HIV Infection; 21 New Perspectives in Antiretroviral Therapy of HIV Infection; Index 330 $aCellular Aspects of HIV Infection provides a highly readable, detailed overview of the state of the art in modern HIV research at the cellular level. This volume brings together renowned experts who have provided concise, synthetic treatments of the biology of HIV infection. It presents these descriptions and analyses with particular attention to the techniques of flow cytometry that have allowed us to not only observe the course of HIV infection and the immune system's response to it, but have also increased our ability to treat patients and understand their response to therapy.The bo 410 0$aCytometric cellular analysis. 606 $aAIDS (Disease)$xCytopathology 606 $aAIDS (Disease)$xMolecular aspects 606 $aFlow cytometry 608 $aElectronic books. 615 0$aAIDS (Disease)$xCytopathology. 615 0$aAIDS (Disease)$xMolecular aspects. 615 0$aFlow cytometry. 676 $a616.97/9207 676 $a616.9792 676 $a616.979207 701 $aCossarizza$b Andrea$f1958-$0955830 701 $aKaplan$b David$f1952-$0955831 801 0$bMiAaPQ 801 1$bMiAaPQ 801 2$bMiAaPQ 906 $aBOOK 912 $a9910142501603321 996 $aCellular aspects of HIV infection$92163491 997 $aUNINA LEADER 04391nam 2200637 450 001 9910141414403321 005 20171113204631.0 010 $a0-470-93941-9 010 $a0-471-78510-5 035 $a(CKB)2670000000238267 035 $a(OCoLC)811493835 035 $a(SSID)ssj0000705599 035 $a(PQKBManifestationID)12348391 035 $a(PQKBTitleCode)TC0000705599 035 $a(PQKBWorkID)10621494 035 $a(PQKB)11149682 035 $a(MiAaPQ)EBC694237 035 $a(EXLCZ)992670000000238267 100 $a20160408h20062006 uy 0 101 0 $aeng 135 $aur|n|---||||| 181 $ctxt 182 $cc 183 $acr 200 10$aNeuroscience of cognitive development $ethe role of experience and the developing brain /$fCharles A. Nelson, Michelle de Haan, Kathleen M. Thomas 210 1$aHoboken, New Jersey :$cJohn Wiley & Sons, Inc.,$d2006. 210 4$dİ2006 215 $a1 online resource (347 p.) 300 $aDescription based upon print version of record. 311 $a0-471-74586-3 320 $aIncludes bibliographical references and index. 327 $aCover; Contents; Title; Copyright; Preface; Acknowledgments; Introduction: Why Should Developmental Psychologists Be Interested in the Brain?; Chapter 1: Brain Development and Neural Plasticity; Brain Development; Stages of Brain Development; Summary; Chapter 2: Neural Plasticity; Developmental Plasticity; Adult Plasticity; Chapter 3: Methods of Cognitive Neuroscience; Lesion Method; Electrophysiological Procedures; Metabolic Procedures (fMRI); Optical Imaging; Magnetic Encephalography; Summary; Chapter 4: The Development of Speech and Language 327 $aThe Neural Bases of Speech and Language DevelopmentNeural Bases of Speech Processing and Speech Perception; Summary; Chapter 5: The Development of Declarative (or Explicit) Memory; Memory Systems; The Development of Memory Systems-Some Background; Disorders of Memory; Chapter 6: The Development of Nondeclarative (or Implicit) Memory; Visual Priming; Implicit Sequence Learning; Conditioning or Associative Learning; Chapter 7: The Development of Spatial Cognition; Mental Rotation; Spatial Pattern Processing; Spatial Navigation; Chapter 8: The Development of Object Recognition 327 $aOccipitotemporal CortexAmygdala; Role of Experience; Is There a Visuospatial Module?; Chapter 9: The Development of Social Cognition; Processing Social Information in the Face; Facial Expressions of Emotion; Eye Gaze; Neural Bases; Occipitotemporal Regions; Superior Temporal Sulcus; Amygdala; Frontal Cortex; Other Brain Areas; Role of Experience; Summary; Theory of Mind; Conclusions; Chapter 10: The Development of Higher Cognitive (Executive) Functions; Domains of Executive Function; Visuospatial Working Memory; Visuospatial Recognition and Recall Memory; Working Memory Redoux 327 $aInhibitory ControlAttentional Control; Chapter 11: The Development of Attention; Alerting, Vigilance, or Arousal; Orienting; Conclusion; Chapter 12: The Future of Developmental Cognitive Neuroscience; References; Index 330 $aA new understanding of cognitive development from the perspective of neuroscienceThis book provides a state-of-the-art understanding of the neural bases of cognitive development. Although the field of developmental cognitive neuroscience is still in its infancy, the authors effectively demonstrate that our understanding of cognitive development is and will be vastly improved as the mechanisms underlying development are elucidated.The authors begin by establishing the value of considering neuroscience in order to understand child development and then provide an overview of brain 606 $aCognitive neuroscience 606 $aDevelopmental psychology 606 $aExperience 608 $aElectronic books. 615 0$aCognitive neuroscience. 615 0$aDevelopmental psychology. 615 0$aExperience. 676 $a153 676 $a612.8/233 676 $a612.8233 700 $aNelson$b Charles A.$cIII$g(Charles Alexander),$0118207 702 $aDe Haan$b Michelle$f1969- 702 $aThomas$b K. M$g(Kathleen M.), 801 0$bMiAaPQ 801 1$bMiAaPQ 801 2$bMiAaPQ 906 $aBOOK 912 $a9910141414403321 996 $aNeuroscience of cognitive development$92029038 997 $aUNINA